Soigner malgré tout : Tome 1. Trauma, cultures et soins (notice n° 1774122)

détails MARC
000 -LEADER
fixed length control field 02199cam a2200181 4500500
005 - DATE AND TIME OF LATEST TRANSACTION
control field 20260322012612.0
041 ## - LANGUAGE CODE
Language code of text/sound track or separate title fre
042 ## - AUTHENTICATION CODE
Authentication code dc
100 10 - MAIN ENTRY--PERSONAL NAME
Personal name Baubet, Thierry
Relator term author
245 00 - TITLE STATEMENT
Title Soigner malgré tout : Tome 1. Trauma, cultures et soins
260 ## - PUBLICATION, DISTRIBUTION, ETC.
Name of publisher, distributor, etc. La Pensée sauvage,<br/>
Date of publication, distribution, etc. 2003.<br/>
520 ## - SUMMARY, ETC.
Summary, etc. Soigner malgré tout, quelles que soient les situations, ici et ailleurs. Tel est le propos de ce livre adressé à tous ceux qui - médecins, psychologues, travailleurs sociaux, para-médicaux, enseignants, juristes, anthropologues, etc. - s'intéressent au trauma, à l’interculturalité, aux situations de violences organisées, aux interventions humanitaires, et à la prise en charge des migrants en France. Écrit par des professionnels de terrain, il porte un regard rétrospectif sur plus de dix années de pratique de soins psychiques en situation humanitaire. Quelle est l’influence de la culture sur la souffrance traumatique ? Quels sont ses effets sur la demande d’aide ? Est-il possible d'articuler programmes thérapeutiques destinés à l'individu et soutien aux communautés affectées ? En d'autres termes : quelles sont les interventions possibles et souhaitables ? Ces questions, dont la portée n'est pas seulement théorique, appellent des réponses multiples et complexes. Abordées au travers d’exemples concrets, qui reflètent le quotidien du travail de soignant, elles soulèvent aussi le problème de la souffrance psychique chez les soignants exposés à un danger extrême ou à la violence. En situation humanitaire - où l'intervention psychologique peut s'avérer prioritaire au même titre que les interventions médicales, sanitaires, nutritionnelles - on se doit d’agir mais aussi de penser, parce que nous sommes invités en permanence à mieux comprendre les effets du trauma sur les populations, afin d'ajuster nos dispositifs d’action et de soins.
700 10 - ADDED ENTRY--PERSONAL NAME
Personal name Bitar, D.
Relator term author
700 10 - ADDED ENTRY--PERSONAL NAME
Personal name Le Roch, Karine
Relator term author
700 10 - ADDED ENTRY--PERSONAL NAME
Personal name Bitar, Dounia
Relator term author
700 10 - ADDED ENTRY--PERSONAL NAME
Personal name Moro, Marie Rose
Relator term author
856 41 - ELECTRONIC LOCATION AND ACCESS
Uniform Resource Identifier <a href="https://shs.cairn.info/soigner-malgre-tout-tome-1--9782859191825?lang=fr&redirect-ssocas=7080">https://shs.cairn.info/soigner-malgre-tout-tome-1--9782859191825?lang=fr&redirect-ssocas=7080</a>

Pas d'exemplaire disponible.

PLUDOC

PLUDOC est la plateforme unique et centralisée de gestion des bibliothèques physiques et numériques de Guinée administré par le CEDUST. Elle est la plus grande base de données de ressources documentaires pour les Étudiants, Enseignants chercheurs et Chercheurs de Guinée.

Adresse

627 919 101/664 919 101

25 boulevard du commerce
Kaloum, Conakry, Guinée

Réseaux sociaux

Powered by Netsen Group @ 2025